000 01965pam a2200433 a 4500
999 _c113385
_d113385
003 BJBSDDR
005 20230411090603.0
007 ta
008 191010s1990 nyu b 001 0 eng
020 _a0805011714 (pbk. : acidfree paper)
020 _a9780805011715 (pbk.)
040 _aDLC
_cDLC
_bspa
041 _aeng
050 0 0 _aPN 1689
_bS454c 1990
082 0 0 _a808.2
_220
100 1 _aSeger, Linda,
_d1945-
245 1 0 _aCreating unforgettable characters /
_cLinda Seger.
250 _a1st ed.
260 _aNew York :
_bH. Holt,
_cc1990.
300 _axiii, 239 p. ;
_c21 cm.
500 _a"An Owl book".
504 _aIncludes bibliographical references (p. 225-227) and index.
505 _a1- researching the character 2- defining the character: consistencies and paraoxes 3- creating the backstory 4- Understanding Character Psychology 5- Creating Character Realionships 6-Adding Aupporting and minor Characters 7- Writing Dialogue 8- Creating Nonrealistic Characters 9- Beyond Stereotyping 10- Solving Character Problems Epilogue Women in film luminas Award Criteria Notes Index
650 0 _aDrama
_xTechnique.
650 4 _aDrama
_xTécnicas
_99094
650 0 _aCharacters and characteristics in literature.
650 4 _aCaracteres y características en la literatura
_92313
650 0 _aMotion picture plays
_xTechnique.
650 4 _aCine
_xTécnicas
_99095
650 0 _aFiction
_xTechnique.
650 4 _aFicción
_xTécnicas
_93316
650 4 _aPersonajes literarios
_xCaracteristicas
_9122
856 4 2 _3Contributor biographical information
_uhttp://www.loc.gov/catdir/bios/hol056/89048877.html
856 4 2 _3Publisher description
_uhttp://www.loc.gov/catdir/description/hol054/89048877.html
906 _a7
_bcbc
_corignew
_d1
_eocip
_f19
_gy-gencatlg
942 _2lcc
_cBK
946 _iLMF